ՀՀ Գիտությունների ազգային ակադեմիայի հիմնարար գիտական գրադարան  =   Fundamental Scientific Library of NAS RA

Банки : (Record no. 198358)

MARC details
000 -LEADER
fixed length control field 01154nam a2200241 u 4500
001 - CONTROL NUMBER
control field 000533728
003 - CONTROL NUMBER IDENTIFIER
control field AM-YeHGA
005 - DATE AND TIME OF LATEST TRANSACTION
control field 20250617135333.0
008 - FIXED-LENGTH DATA ELEMENTS--GENERAL INFORMATION
fixed length control field 070426s1997 ||| r 000 0 rus d
020 ## - INTERNATIONAL STANDARD BOOK NUMBER
International Standard Book Number 5862254269
040 ## - CATALOGING SOURCE
Original cataloging agency AM-YeHGA
041 0# - LANGUAGE CODE
Language code of text/sound track or separate title rus
090 ## - LOCALLY ASSIGNED LC-TYPE CALL NUMBER (OCLC); LOCAL CALL NUMBER (RLIN)
-- 199838
100 1# - MAIN ENTRY--PERSONAL NAME
Personal name Фурсов, Дмитрий Александрович
245 10 - TITLE STATEMENT
Title Банки :
Remainder of title Пособие для судей арбитражных судов /
Statement of responsibility, etc. Д.А. Фурсов.
260 ## - PUBLICATION, DISTRIBUTION, ETC.
Place of publication, distribution, etc. Москва :
Name of publisher, distributor, etc. Изд. дом "ИНФРА-М",
Date of publication, distribution, etc. 1997.
300 ## - PHYSICAL DESCRIPTION
Extent 590 с. :
Other physical details [2] л. ил.
440 #0 - SERIES STATEMENT/ADDED ENTRY--TITLE
Title Судебные арбитражные споры
440 #0 - SERIES STATEMENT/ADDED ENTRY--TITLE
Title Подготовка дела к судебному разбирательству
505 0# - FORMATTED CONTENTS NOTE
Formatted contents note Кн. содерж. рук. постановления Пленума Высш. Арбитраж. Суда РФ, информ. письма и норматив. материалы
653 0# - INDEX TERM--UNCONTROLLED
Uncontrolled term Судебное разбирательство в арбитражном процессе Россйской Федерации
653 0# - INDEX TERM--UNCONTROLLED
Uncontrolled term Банки - Правовое положение
Holdings
Withdrawn status Lost status Damaged status Not for loan Collection Home library Current library Date acquired Cost, normal purchase price Shelving control number Total checkouts Full call number Barcode Date last seen Price effective from Koha item type Public note
        General Fundamental Scientific Library Fundamental Scientific Library 28/12/2016 5500.00     PII/646292 FL0003943 28/12/2016 28/12/2016 Գրքեր / Books 30 Days Loan


ՀՀ ԳԱԱ հիմնարար գիտական գրադարան
ՀՀ,Երևան 0019
Մարշալ Բաղրամյան 24/6
հեռախոս:(374-10) 52-47-50
Հետադարձ կապ

All site content, except where otherwise noted, is licensed under a
Creative Commons License